[Event "Fagernes op"]
[Site "Fagernes"]
[Date "2024.03.27"]
[Round "5"]
[White "Havik, Victor"]
[Black "Stai, Sondre"]
[Result "1/2-1/2"]
[WhiteElo "2078"]
[BlackElo "1842"]
[PlyCount "60"]
[EventDate "2024.03.24"]
[EventType "swiss"]
[EventRounds "9"]
[EventCountry "NOR"]
[SourceTitle "CB14_2024"]
[SourceDate "2024.04.01"]
[SourceVersion "1"]
[SourceVersionDate "2024.04.01"]
[SourceQuality "1"]

1. d4 Nf6 2. c4 g6 3. Nc3 d5 4. Nf3 Bg7 5. Bf4 0-0 6. Rc1 c5 7. dxc5 Qa5 8. cxd5 Rd8 9. Bd2 Qxc5 10. e4 e6 11. Bd3 exd5 12. Nxd5 Qd6 13. Bb4 Qe6 14. Ne7+ Kh8 15. Ng5 Qxa2 16. Ra1 Rxd3 17. Rxa2 Rxd1+ 18. Kxd1 Be6 19. Nxe6 fxe6 20. f3 Nbd7 21. Ke2 Bf8 22. Rc1 Re8 23. e5 Nxe5 24. Rc7 Ned7 25. Bc3 Rxe7 26. Rxd7 Rxd7 27. Bxf6+ Bg7 28. Bxg7+ Kxg7 29. Rxa7 Kf6 30. Ra5 Rc7 1/2-1/2

[Event "Gibraltar Challengers op-B"]
[Site "Caleta"]
[Date "2019.01.27"]
[Round "2"]
[White "Elishev, Ivan"]
[Black "Havik, Victor"]
[Result "1/2-1/2"]
[WhiteElo "2224"]
[BlackElo "2088"]
[PlyCount "119"]
[EventDate "2019.01.26"]
[EventType "swiss"]
[EventRounds "5"]
[EventCountry "GGB"]
[SourceTitle "CBM 188 Extra"]
[Source "ChessBase"]
[SourceDate "2019.02.26"]
[SourceVersion "1"]
[SourceVersionDate "2019.02.26"]
[SourceQuality "1"]

1. d4 d5 2. Nc3 Bf5 3. f3 Nf6 4. g4 Bg6 5. g5 Nh5 6. e4 e6 7. Be2 h6 8. f4 hxg5 9. f5 exf5 10. exf5 Bxf5 11. Bxh5 g4 12. Qe2+ Qe7 13. Nxd5 Qxe2+ 14. Nxe2 Bd6 15. Ng3 Be6 16. Nf4 Bxf4 17. Bxf4 Nc6 18. 0-0-0 0-0-0 19. d5 Bxd5 20. Bxg4+ Kb8 21. Rhf1 Rxh2 22. Nf5 Rh7 23. Bf3 Bxf3 24. Rxd8+ Nxd8 25. Rxf3 Ne6 26. Be3 c5 27. Nd6 f6 28. Ne4 b6 29. Nxf6 gxf6 30. Rxf6 Nc7 31. Bf4 Kb7 32. c4 Na6 33. a3 Nb8 34. Bxb8 Kxb8 35. Kc2 Kb7 36. b4 Rh2+ 37. Kb3 cxb4 38. axb4 Rh7 39. b5 Rc7 40. Kc3 a6 41. bxa6+ Kxa6 42. Kb4 Rc5 43. Rf7 Re5 44. Rd7 Re1 45. Kc3 Rc1+ 46. Kb3 Re1 47. Kb4 Rb1+ 48. Kc3 Rc1+ 49. Kb3 Re1 50. Rf7 Rg1 51. Kc3 Rg3+ 52. Kb4 Rg1 53. Rf6 Rc1 54. Rh6 Rc2 55. Rh1 Rf2 56. Rh6 Rc2 57. Kb3 Rc1 58. Rh7 b5 59. Rh6+ Ka5 60. cxb5 1/2-1/2

[Event "Gibraltar Challengers op-B"]
[Site "Caleta"]
[Date "2019.01.26"]
[Round "1"]
[White "Teh, Wee Zhun"]
[Black "Havik, Victor"]
[Result "0-1"]
[WhiteElo "1818"]
[BlackElo "2088"]
[PlyCount "70"]
[EventDate "2019.01.26"]
[EventType "swiss"]
[EventRounds "5"]
[EventCountry "GGB"]
[SourceTitle "CBM 188 Extra"]
[Source "ChessBase"]
[SourceDate "2019.02.26"]
[SourceVersion "1"]
[SourceVersionDate "2019.02.26"]
[SourceQuality "1"]

1. d4 Nf6 2. c4 e6 3. Nc3 Bb4 4. f3 c5 5. d5 d6 6. e4 0-0 7. Nge2 exd5 8. cxd5 Nbd7 9. Ng3 Ne5 10. Be2 Bd7 11. 0-0 Re8 12. Bg5 h6 13. Bd2 a6 14. Qc2 b5 15. f4 Ng6 16. Rae1 c4 17. h3 Bc5+ 18. Kh2 Rc8 19. Nd1 Qb6 20. Bf3 Nh4 21. Be2 Ng6 22. Bf3 b4 23. Nh5 Bd4 24. Be3 Nxh5 25. Bxh5 b3 26. axb3 cxb3 27. Qb1 Rc2 28. Nc3 Bxe3 29. Bxg6 fxg6 30. e5 dxe5 31. fxe5 Rxe5 32. Qd1 Qd6 33. Kh1 Bxh3 34. Re2 Bg4 35. Qd3 Rh5# 0-1

[Event "NOR-chT 1617"]
[Site "Norway"]
[Date "2017.03.03"]
[Round "7.4"]
[White "Kovachev, Daniel Jakobsen"]
[Black "Havik, Victor"]
[Result "1-0"]
[WhiteElo "2329"]
[BlackElo "2074"]
[PlyCount "43"]
[EventDate "2016.10.28"]
[EventType "team-tourn"]
[EventRounds "9"]
[EventCountry "NOR"]
[SourceTitle "EXT 2018"]
[Source "ChessBase"]
[SourceDate "2017.10.13"]
[SourceVersion "1"]
[SourceVersionDate "2017.10.13"]
[SourceQuality "1"]
[WhiteTeam "OSS"]
[BlackTeam "Stavanger"]
[WhiteTeamCountry "NOR"]
[BlackTeamCountry "NOR"]

1. e4 e5 2. Nf3 Nc6 3. Bc4 Bc5 4. 0-0 Nf6 5. d3 0-0 6. a4 h6 7. Nbd2 a6 8. Re1 d6 9. Nf1 Qe7 10. Ng3 Ng4 11. Rf1 Nd4 12. h3 Nxf3+ 13. Qxf3 Nf6 14. Be3 Ba7 15. Bxa7 Rxa7 16. Qe3 Ra8 17. f4 exf4 18. Qxf4 d5 19. exd5 Nxd5 20. Qf2 Be6 21. Bxd5 Bxd5 22. Nf5 1-0

[Event "Gibraltar Challenger op-B"]
[Site "Caleta"]
[Date "2017.01.31"]
[Round "4"]
[White "Havik, Victor"]
[Black "Odeh, Kenneth"]
[Result "1-0"]
[WhiteElo "2074"]
[BlackElo "1969"]
[PlyCount "159"]
[EventDate "2017.01.28"]
[EventType "swiss"]
[EventRounds "5"]
[EventCountry "GGB"]
[SourceTitle "EXT 2018"]
[Source "ChessBase"]
[SourceDate "2017.10.13"]
[SourceVersion "1"]
[SourceVersionDate "2017.10.13"]
[SourceQuality "1"]

1. d4 Nf6 2. Bg5 Ne4 3. Bf4 d5 4. f3 Nf6 5. e4 dxe4 6. Nc3 Nd5 7. Nxd5 Qxd5 8. Bxc7 Nc6 9. c3 exf3 10. Nxf3 Bg4 11. Be2 e6 12. 0-0 Be7 13. Qd2 0-0 14. a3 Rac8 15. Bg3 Na5 16. Rae1 Nc4 17. Bxc4 Rxc4 18. Ne5 Bh5 19. Nxc4 Qxc4 20. h3 Bg6 21. Kh2 Rd8 22. Qf2 h5 23. Kh1 Rd7 24. Qe3 a5 25. Rf3 a4 26. Ref1 Rd5 27. Qf2 Rf5 28. Rxf5 Bxf5 29. Re1 Bg6 30. Be5 Qa2 31. Qe2 Bh4 32. Rf1 Qb3 33. Kh2 b5 34. Bg3 Bf6 35. Rf2 Qd5 36. Be5 Bh4 37. Bg3 Bf6 38. Qf3 Qxf3 39. Rxf3 Be4 40. Re3 Bd5 41. Bf4 Kf8 42. g4 hxg4 43. hxg4 g6 44. g5 Be7 45. Kg3 f6 46. gxf6 Bxf6 47. Kg4 Bb3 48. Be5 Bd1+ 49. Kf4 g5+ 50. Kg3 Be7 51. Re1 Bc2 52. Rh1 Kf7 53. Rh8 Bd3 54. Rb8 Kg6 55. Rb6 Bc4 56. Rb7 Bf6 57. Bxf6 Kxf6 58. Rc7 Kf5 59. Rc5+ Ke4 60. Rxg5 Kd3 61. Kf4 Bd5 62. Rh5 Kc2 63. Rh2+ Kb3 64. Ke5 Bc4 65. Kd6 Ka2 66. Kc5 Kb1 67. Kb4 Kc1 68. Rg2 Kb1 69. Rg5 Kxb2 70. Rc5 Bd3 71. d5 exd5 72. Rxd5 Bc4 73. Rc5 Bd3 74. Re5 Bc4 75. Rf5 Kc2 76. Rf4 Kb2 77. Rh4 Ka2 78. Rxc4 bxc4 79. Kxa4 Kb2 80. Kb4 1-0

[Event "Gibraltar Challenger op-B"]
[Site "Caleta"]
[Date "2017.01.30"]
[Round "3"]
[White "Mottonen, Ari"]
[Black "Havik, Victor"]
[Result "0-1"]
[WhiteElo "1997"]
[BlackElo "2074"]
[PlyCount "80"]
[EventDate "2017.01.28"]
[EventType "swiss"]
[EventRounds "5"]
[EventCountry "GGB"]
[SourceTitle "EXT 2018"]
[Source "ChessBase"]
[SourceDate "2017.10.13"]
[SourceVersion "1"]
[SourceVersionDate "2017.10.13"]
[SourceQuality "1"]

1. Nf3 d5 2. g3 Nf6 3. Bg2 c6 4. 0-0 Bf5 5. d3 h6 6. Nbd2 Nbd7 7. Qe1 e6 8. e4 dxe4 9. dxe4 Bh7 10. Nd4 Be7 11. c3 0-0 12. f3 c5 13. Nc2 Ne5 14. Qe2 Qd3 15. Qxd3 Nxd3 16. Nc4 b5 17. N4e3 Rfd8 18. Rd1 a6 19. b3 Ne8 20. Bd2 Nb2 21. Rdb1 Rxd2 22. Rxb2 Bf6 23. Rd1 Rad8 24. Rbb1 Bxc3 25. Rxd2 Rxd2 26. Rd1 Rxd1+ 27. Nxd1 Ba5 28. Kf2 f5 29. Bh3 Kf7 30. exf5 Bxf5 31. Bxf5 exf5 32. Nb2 Bb6 33. Ke2 Ke6 34. Kd3 Nc7 35. Ne3 Nd5 36. Nxd5 Kxd5 37. h3 Bc7 38. g4 fxg4 39. fxg4 Be5 40. Nd1 Bd4 0-1

[Event "Gibraltar Challenger op-B"]
[Site "Caleta"]
[Date "2017.01.28"]
[Round "1"]
[White "Marcos Herrero, Francisco"]
[Black "Havik, Victor"]
[Result "1-0"]
[WhiteElo "1918"]
[BlackElo "2074"]
[PlyCount "69"]
[EventDate "2017.01.28"]
[EventType "swiss"]
[EventRounds "5"]
[EventCountry "GGB"]
[SourceTitle "EXT 2018"]
[Source "ChessBase"]
[SourceDate "2017.10.13"]
[SourceVersion "1"]
[SourceVersionDate "2017.10.13"]
[SourceQuality "1"]

1. d4 Nf6 2. c4 e6 3. g3 c5 4. Nf3 cxd4 5. Nxd4 Bc5 6. Nb3 Be7 7. Bg2 0-0 8. 0-0 Nc6 9. Nc3 d6 10. e4 a6 11. Be3 Qc7 12. Rc1 Re8 13. Nd5 exd5 14. cxd5 Bf8 15. dxc6 Nxe4 16. Qd4 Nc5 17. Qf4 Qb6 18. Nxc5 dxc5 19. b4 bxc6 20. bxc5 Qb7 21. Rb1 Qd7 22. Rb6 Bb7 23. Rfb1 Re7 24. Bf3 Rd8 25. Rd1 Qe8 26. Rxd8 Qxd8 27. Bxc6 Bxc6 28. Rxc6 Qd1+ 29. Kg2 Qd5+ 30. Qf3 Qxa2 31. Rc8 Qe6 32. Rb8 a5 33. c6 Rc7 34. Bc5 Rc8 35. c7 1-0

[Event "Gibraltar Masters 14th"]
[Site "Caleta"]
[Date "2016.02.03"]
[Round "9"]
[White "Ajele, Rotimi"]
[Black "Havik, Victor"]
[Result "0-1"]
[WhiteElo "2163"]
[BlackElo "2092"]
[PlyCount "37"]
[EventDate "2016.01.26"]
[EventType "swiss"]
[EventRounds "10"]
[EventCountry "GGB"]
[SourceTitle "CBM 171"]
[Source "ChessBase"]
[SourceDate "2016.03.14"]
[SourceVersion "2"]
[SourceVersionDate "2016.03.14"]
[SourceQuality "1"]

1. d4 Nf6 2. c4 c5 3. d5 e6 4. Nc3 exd5 5. cxd5 d6 6. Nf3 g6 7. Nd2 Bg7 8. e4 0-0 9. Be2 Re8 10. 0-0 a6 11. a4 Nbd7 12. Kh1 Ne5 13. f4 Neg4 14. Nc4 Nxe4 15. Bxg4 Bxg4 16. Qc2 Bf5 17. Nxe4 Bxe4 18. Qb3 Bxd5 19. Rd1 0-1

[Event "Barcelona Sant Marti op-A 17th"]
[Site "Barcelona"]
[Date "2015.07.15"]
[Round "3"]
[White "Rojas Fernandez, Andres"]
[Black "Havik, Victor"]
[Result "0-1"]
[WhiteElo "1946"]
[BlackElo "2139"]
[PlyCount "118"]
[EventDate "2015.07.13"]
[EventType "swiss"]
[EventRounds "9"]
[EventCountry "ESP"]
[SourceTitle "CBM 167 Extra"]
[Source "ChessBase"]
[SourceDate "2015.09.14"]
[SourceVersion "1"]
[SourceVersionDate "2015.09.14"]
[SourceQuality "1"]

1. e4 e5 2. Nf3 Nc6 3. Bb5 a6 4. Ba4 Nf6 5. 0-0 Be7 6. Re1 b5 7. Bb3 d6 8. h3 Na5 9. c3 Nxb3 10. axb3 Bb7 11. d3 c5 12. Bg5 Nd7 13. Bxe7 Qxe7 14. c4 b4 15. Nbd2 0-0 16. g4 Rfe8 17. Re2 Nf8 18. Ne1 h5 19. f3 Ne6 20. Ng2 Nf4 21. Nxf4 exf4 22. Qf1 Qe5 23. Rb1 Qd4+ 24. Rf2 Re5 25. Kg2 g6 26. Kh2 a5 27. Rg2 Kg7 28. g5 Bc6 29. Qe2 Re7 30. Nf1 Rea7 31. Qd2 Qe5 32. d4 cxd4 33. Rd1 Kf8 34. Qxd4 Ke7 35. Rgd2 Rd7 36. Qb6 Qc5 37. Qxc5 dxc5 38. Rxd7+ Bxd7 39. Rd5 Bc6 40. Rd3 a4 41. bxa4 Rxa4 42. b3 Ra2+ 43. Nd2 h4 44. Kg2 Rc2 45. Kf2 Bd7 46. Ke2 Bxh3 47. Rd5 Bd7 48. Rxc5 h3 49. Ra5 Rc1 50. Nf1 h2 51. Nxh2 Rc2+ 52. Kd3 Rxh2 53. c5 Rb2 54. Ra7 Rxb3+ 55. Kc4 Rxf3 56. Kxb4 Rf1 57. Kc4 f3 58. Kd5 Rd1+ 59. Ke5 f2 0-1

[Event "Barcelona Sant Marti op-A 17th"]
[Site "Barcelona"]
[Date "2015.07.13"]
[Round "1"]
[White "Shyam, Sundar M"]
[Black "Havik, Victor"]
[Result "1-0"]
[WhiteElo "2492"]
[BlackElo "2139"]
[PlyCount "57"]
[EventDate "2015.07.13"]
[EventType "swiss"]
[EventRounds "9"]
[EventCountry "ESP"]
[SourceTitle "CBM 167 Extra"]
[Source "ChessBase"]
[SourceDate "2015.09.14"]
[SourceVersion "1"]
[SourceVersionDate "2015.09.14"]
[SourceQuality "1"]

1. e4 e5 2. Bc4 Nf6 3. d3 Bc5 4. Nc3 Nc6 5. Nf3 0-0 6. h3 a6 7. g4 b5 8. Bb3 Bb7 9. Rg1 Nd4 10. g5 Nxf3+ 11. Qxf3 Ne8 12. g6 hxg6 13. Rxg6 b4 14. Na4 Be7 15. Rg2 d5 16. exd5 Bd6 17. Bg5 Qd7 18. 0-0-0 f6 19. Be3 Rf7 20. Rdg1 Qe7 21. Rg6 f5 22. Bg5 Qf8 23. Qh5 Nf6 24. Bxf6 Rxf6 25. Nc5 Rxg6 26. Qxg6 Bc8 27. Ne6 Bxe6 28. dxe6 Qe7 29. Rg5 1-0

[Event "Fagernes Norsk op-A"]
[Site "Fagernes"]
[Date "2015.04.03"]
[Round "7"]
[White "Holleland, Sigve"]
[Black "Havik, Victor"]
[Result "0-1"]
[WhiteElo "1963"]
[BlackElo "2160"]
[PlyCount "76"]
[EventDate "2015.03.29"]
[EventType "swiss"]
[EventRounds "9"]
[EventCountry "NOR"]
[SourceTitle "CBM 165 Extra"]
[Source "ChessBase"]
[SourceDate "2015.04.21"]
[SourceVersion "1"]
[SourceVersionDate "2015.04.21"]
[SourceQuality "1"]

1. d4 Nf6 2. c4 e6 3. Nf3 b6 4. g3 Ba6 5. Nbd2 c5 6. e4 cxd4 7. e5 Ng4 8. h3 Nh6 9. Bg2 Nc6 10. 0-0 Nf5 11. g4 Nfe7 12. Qa4 Qc8 13. Nxd4 Nxd4 14. Bxa8 Qxa8 15. Qxa6 h5 16. g5 Nef5 17. f3 Bc5 18. Kf2 Nc2+ 19. Ke2 Ng3+ 20. Kd1 Ne3+ 21. Ke1 Ngxf1 22. Nxf1 Nc2+ 23. Ke2 Nxa1 24. Qa4 Qc6 25. Qd1 Bg1 26. b3 Qc5 27. Ne3 Bxe3 28. Bxe3 Qxe5 29. f4 Qb2+ 30. Kf3 Nc2 31. Qd6 Qc3 32. Qb8+ Ke7 33. Qxh8 Qxe3+ 34. Kg2 Ne1+ 35. Kf1 Nd3 36. Kg2 Qf2+ 37. Kh1 Ne1 38. Qxh5 Qg2# 0-1

[Event "Fagernes Norsk op-A"]
[Site "Fagernes"]
[Date "2015.04.02"]
[Round "6"]
[White "Havik, Victor"]
[Black "Haug, Johannes"]
[Result "0-1"]
[WhiteElo "2160"]
[BlackElo "2339"]
[PlyCount "64"]
[EventDate "2015.03.29"]
[EventType "swiss"]
[EventRounds "9"]
[EventCountry "NOR"]
[SourceTitle "CBM 165 Extra"]
[Source "ChessBase"]
[SourceDate "2015.04.21"]
[SourceVersion "1"]
[SourceVersionDate "2015.04.21"]
[SourceQuality "1"]

1. d4 Nf6 2. c4 e6 3. Nc3 Bb4 4. a3 Bxc3+ 5. bxc3 0-0 6. f3 d6 7. e4 Nbd7 8. Bd3 e5 9. Ne2 b6 10. g4 exd4 11. cxd4 c5 12. d5 Ne5 13. 0-0 Ba6 14. Qb3 Nfd7 15. f4 Nxg4 16. h3 Nh6 17. Bb2 Qh4 18. Rf3 Rae8 19. Rg3 f6 20. Kh2 Re7 21. Rag1 Bc8 22. Bc2 Rff7 23. Qf3 f5 24. exf5 Nf6 25. Rg5 Kf8 26. Ng3 Re3 27. Qf1 Nhg4+ 28. Kh1 Rxg3 29. Rxg3 Qxg3 30. hxg4 Nxg4 31. Qg2 Qxg2+ 32. Kxg2 Ne3+ 0-1

[Event "Fagernes Norsk op-A"]
[Site "Fagernes"]
[Date "2015.03.29"]
[Round "1"]
[White "Havik, Victor"]
[Black "Johannessen, Leif Erlend"]
[Result "0-1"]
[WhiteElo "2160"]
[BlackElo "2527"]
[PlyCount "90"]
[EventDate "2015.03.29"]
[EventType "swiss"]
[EventRounds "9"]
[EventCountry "NOR"]
[SourceTitle "CBM 165 Extra"]
[Source "ChessBase"]
[SourceDate "2015.04.21"]
[SourceVersion "1"]
[SourceVersionDate "2015.04.21"]
[SourceQuality "1"]

1. d4 Nf6 2. c4 e6 3. Nc3 Bb4 4. e3 0-0 5. Bd3 d5 6. Nf3 b6 7. cxd5 exd5 8. 0-0 Bb7 9. Bd2 Nbd7 10. Rc1 a6 11. Ne5 Bd6 12. Nxd7 Qxd7 13. f3 Rfe8 14. Qe1 Bf4 15. Qf2 Bh6 16. Rfe1 g6 17. Ne2 Qd6 18. b4 Nd7 19. Bc2 a5 20. bxa5 Rxa5 21. Bb3 c5 22. Qh4 Bxe3+ 23. Bxe3 Rxe3 24. Qd8+ Kg7 25. Ng3 Rxe1+ 26. Rxe1 Ra8 27. Qg5 Kg8 28. dxc5 Qxc5+ 29. Kh1 Qc3 30. Rc1 Re8 31. h4 Qe5 32. Qxe5 Nxe5 33. Rc7 Ba8 34. h5 Kg7 35. hxg6 hxg6 36. Kg1 Kf6 37. Ra7 Bc6 38. Ra6 Rb8 39. a4 Nd3 40. Ra7 Nc5 41. Bc2 Ra8 42. Rc7 Bxa4 43. Bxa4 Rxa4 44. Rc6+ Ke5 45. Rxb6 Ra1+ 0-1

[Event "Gibraltar Masters 13th"]
[Site "Caleta"]
[Date "2015.01.31"]
[Round "5"]
[White "Machlik, Monika"]
[Black "Havik, Victor"]
[Result "1/2-1/2"]
[WhiteElo "2015"]
[BlackElo "2137"]
[PlyCount "82"]
[EventDate "2015.01.27"]
[EventType "swiss"]
[EventRounds "10"]
[EventCountry "GGB"]
[SourceTitle "CBM 165"]
[Source "ChessBase"]
[SourceDate "2015.03.11"]
[SourceVersion "1"]
[SourceVersionDate "2015.03.11"]
[SourceQuality "1"]

1. d4 d5 2. c4 c6 3. Nc3 Nf6 4. e3 e6 5. Nf3 Bd6 6. Qc2 Nbd7 7. b3 0-0 8. Be2 a6 9. 0-0 b5 10. Bb2 Bb7 11. e4 b4 12. e5 bxc3 13. Bxc3 Bc7 14. exf6 Qxf6 15. Rfe1 a5 16. Bd3 g6 17. Ne5 Nxe5 18. dxe5 Qg7 19. c5 Ba6 20. Bd4 Bxd3 21. Qxd3 Rfb8 22. a3 Rb5 23. Rac1 Bd8 24. Qc3 Rab8 25. Rb1 Qf8 26. Rec1 R8b7 27. f4 Be7 28. Qe3 Qb8 29. Rc3 Kf8 30. Kf2 Ke8 31. Ke2 Kd7 32. Kd2 Qa7 33. Kc2 h5 34. g3 Rb8 35. h4 Qb7 36. Rb2 Bd8 37. Kb1 Qa6 38. Qd3 Qa7 39. Ka2 Be7 40. Rbc2 Qb7 41. Rb2 Qa7 1/2-1/2

[Event "Gibraltar Masters 11th"]
[Site "Caleta"]
[Date "2013.01.25"]
[Round "4"]
[White "Telljohann, Sven"]
[Black "Havik, Victor"]
[Result "1-0"]
[WhiteElo "2423"]
[BlackElo "2094"]
[PlyCount "81"]
[EventDate "2013.01.22"]
[EventType "swiss"]
[EventRounds "10"]
[EventCountry "GGB"]
[SourceTitle "CBM 153"]
[Source "ChessBase"]
[SourceDate "2013.03.14"]
[SourceVersion "1"]
[SourceVersionDate "2013.03.14"]
[SourceQuality "1"]

1. Nf3 c5 2. g3 Nc6 3. Bg2 e5 4. c4 g6 5. Nc3 Bg7 6. a3 Nge7 7. Rb1 a5 8. 0-0 d6 9. Ne1 Be6 10. Nd5 0-0 11. Nc2 Rb8 12. b4 b5 13. Nxe7+ Nxe7 14. cxb5 axb4 15. axb4 Rxb5 16. d3 Qc7 17. Bd2 cxb4 18. Nxb4 Qd7 19. Rc1 d5 20. Na6 Rc8 21. Rxc8+ Qxc8 22. Qa4 Bd7 23. Nb4 h5 24. Bg5 Nf5 25. Rc1 Qb7 26. Nxd5 Rxd5 27. Qc4 Be6 28. Bxd5 Bxd5 29. Qc8+ Kh7 30. Qxb7 Bxb7 31. Rc7 Bd5 32. e4 Be6 33. exf5 Bxf5 34. Rxf7 Kg8 35. Ra7 Bxd3 36. Bd2 e4 37. Rc7 Be5 38. Rc6 Kf7 39. Bc3 Bxc3 40. Rxc3 Kf6 41. f4 1-0

[Event "Gibraltar Masters 11th"]
[Site "Caleta"]
[Date "2013.01.24"]
[Round "3"]
[White "Havik, Victor"]
[Black "Chapman, Terry PD"]
[Result "0-1"]
[WhiteElo "2094"]
[BlackElo "2292"]
[PlyCount "48"]
[EventDate "2013.01.22"]
[EventType "swiss"]
[EventRounds "10"]
[EventCountry "GGB"]
[SourceTitle "CBM 153"]
[Source "ChessBase"]
[SourceDate "2013.03.14"]
[SourceVersion "1"]
[SourceVersionDate "2013.03.14"]
[SourceQuality "1"]

1. e4 d6 2. d4 Nf6 3. Nc3 e5 4. Nf3 Nbd7 5. Bc4 Be7 6. 0-0 c6 7. a4 0-0 8. h3 b6 9. d5 cxd5 10. Nxd5 Nxd5 11. Bxd5 Rb8 12. Qe2 Nf6 13. Rd1 Nxd5 14. Rxd5 Bb7 15. Rd1 Qc7 16. Ra3 Qc6 17. Nd2 Qxc2 18. Rc3 Qxa4 19. Rg3 g6 20. Ra3 Qc6 21. Rxa7 Ra8 22. Rxa8 Rxa8 23. f3 Qc2 24. Qe1 Bh4 0-1

[Event "Gibraltar Masters 11th"]
[Site "Caleta"]
[Date "2013.01.23"]
[Round "2"]
[White "Garcia Lechugo, Francisco"]
[Black "Havik, Victor"]
[Result "0-1"]
[WhiteElo "1645"]
[BlackElo "2094"]
[PlyCount "82"]
[EventDate "2013.01.22"]
[EventType "swiss"]
[EventRounds "10"]
[EventCountry "GGB"]
[SourceTitle "CBM 153"]
[Source "ChessBase"]
[SourceDate "2013.03.14"]
[SourceVersion "1"]
[SourceVersionDate "2013.03.14"]
[SourceQuality "1"]

1. f4 d5 2. Nf3 Nf6 3. g3 c5 4. Bg2 Nc6 5. 0-0 e6 6. d3 Be7 7. c3 0-0 8. Na3 Rb8 9. Nc2 b5 10. d4 a5 11. h3 Ne4 12. Qe1 f6 13. dxc5 Bxc5+ 14. Be3 Bxe3+ 15. Nxe3 Qb6 16. Qc1 Nxg3 17. Rf2 Ba6 18. Kh2 Ne4 19. Rf1 Rbc8 20. Nc2 b4 21. Qe3 Qxe3 22. Nxe3 bxc3 23. bxc3 Nxc3 24. Ng1 g6 25. Rfc1 Nd4 26. Re1 Ncxe2 27. Nxd5 exd5 28. Bxd5+ Kg7 29. Nxe2 Nxe2 30. Rad1 Rcd8 31. f5 Nc3 32. Re7+ Kh8 33. fxg6 hxg6 34. Rd4 Rxd5 35. Rxd5 Nxd5 36. Ra7 Bc8 37. Rxa5 Rd8 38. Ra4 Kg7 39. Ra7+ Kh6 40. Ra4 Ne3 41. Rh4+ Kg5 0-1

[Event "Gibraltar Masters 11th"]
[Site "Caleta"]
[Date "2013.01.22"]
[Round "1"]
[White "Havik, Victor"]
[Black "Zatonskih, Anna"]
[Result "0-1"]
[WhiteElo "2094"]
[BlackElo "2491"]
[PlyCount "96"]
[EventDate "2013.01.22"]
[EventType "swiss"]
[EventRounds "10"]
[EventCountry "GGB"]
[SourceTitle "CBM 153"]
[Source "ChessBase"]
[SourceDate "2013.03.14"]
[SourceVersion "1"]
[SourceVersionDate "2013.03.14"]
[SourceQuality "1"]

1. d4 d5 2. c4 e6 3. Nf3 Nf6 4. Nc3 Be7 5. Bf4 0-0 6. e3 Nbd7 7. c5 Nh5 8. Be5 c6 9. h3 Nxe5 10. Nxe5 g6 11. Be2 Ng7 12. b4 f6 13. Nf3 e5 14. Qb3 exd4 15. exd4 Ne6 16. 0-0 Nf4 17. Rfe1 Be6 18. Bf1 Qd7 19. Ne2 Nh5 20. Qe3 Bd8 21. Nf4 Nxf4 22. Qxf4 Kg7 23. Bd3 Bc7 24. Qh4 h6 25. Nh2 Rae8 26. Ng4 h5 27. Ne3 Qf7 28. f4 Bd7 29. Re2 Re7 30. Rae1 Rfe8 31. a4 b6 32. Qf2 Bc8 33. Nc2 Rxe2 34. Rxe2 Rxe2 35. Bxe2 Bf5 36. Ne3 Be4 37. Nf1 bxc5 38. bxc5 Ba5 39. Ng3 f5 40. Kh2 Qe8 41. Qe3 Bc7 42. Nxe4 dxe4 43. g3 Qb8 44. Qc3 Bd8 45. d5+ Bf6 46. Qc4 cxd5 47. Qxd5 h4 48. c6 Qb6 0-1

[Event "Halifax Maritime op"]
[Site "Halifax"]
[Date "2012.10.08"]
[Round "6"]
[White "Havik, Victor"]
[Black "McKearney, Ed"]
[Result "1-0"]
[WhiteElo "2094"]
[BlackElo "1717"]
[PlyCount "45"]
[EventDate "2012.10.06"]
[EventType "swiss"]
[EventRounds "6"]
[EventCountry "CAN"]
[SourceTitle "EXT 2022"]
[Source "ChessBase"]
[SourceDate "2021.10.06"]
[SourceVersion "1"]
[SourceVersionDate "2021.10.06"]
[SourceQuality "1"]

1. d4 g6 2. e4 Bg7 3. f4 c5 4. dxc5 Qa5+ 5. Bd2 Qxc5 6. Nc3 e6 7. Nf3 Ne7 8. Bd3 a6 9. a4 Nbc6 10. a5 d5 11. Na4 Qa7 12. Nb6 Rb8 13. e5 0-0 14. Be3 d4 15. Nxd4 Nd5 16. Nxc6 bxc6 17. Nxd5 c5 18. Nf6+ Kh8 19. Ne4 Rd8 20. Bxc5 Qb7 21. b4 Bf8 22. 0-0 Bxc5+ 23. bxc5 1-0